[Event "DEN-ch G7 Gr-1"]
[Site "Svendborg"]
[Date "2022.04.17"]
[Round "6"]
[White "Kovshoj, Sune"]
[Black "Rossen, Claus"]
[Result "0-1"]
[WhiteElo "2125"]
[BlackElo "2159"]
[PlyCount "82"]
[EventDate "2022.04.12"]
[EventType "swiss"]
[EventRounds "7"]
[EventCountry "DEN"]
[SourceTitle "EXT 2024"]
[Source "ChessBase"]
[SourceDate "2023.10.10"]
[SourceVersion "1"]
[SourceVersionDate "2023.10.10"]
[SourceQuality "1"]

1. c4 Nf6 2. g3 g6 3. Bg2 d5 4. cxd5 Nxd5 5. Nc3 Nxc3 6. bxc3 c5 7. Nf3 Bg7 8. 0-0 0-0 9. d4 Nc6 10. Be3 Be6 11. Rb1 cxd4 12. cxd4 b6 13. Qa4 Bd5 14. Rbc1 Rc8 15. Rfd1 Na5 16. Rxc8 Qxc8 17. Rc1 Qb7 18. Bd2 Nc4 19. Be1 b5 20. Qd1 a5 21. Nh4 Rd8 22. e3 Bxg2 23. Nxg2 e5 24. Qb3 a4 25. Qb1 Qd5 26. e4 Qxd4 27. Qxb5 Nd6 28. Qa5 Nxe4 29. Rc4 Qxc4 30. Qxd8+ Bf8 31. Qe8 Ng5 32. Nh4 Qe4 33. Bd2 Nh3+ 34. Kf1 Qd3+ 35. Ke1 Qb1+ 36. Ke2 Ng1+ 37. Ke3 Qb6+ 38. Kd3 Qd4+ 39. Kc2 Qe4+ 40. Kb2 a3+ 41. Kb3 Qb1+ 0-1

[Event "DEN-ch sf"]
[Site "Svendborg"]
[Date "2020.10.16"]
[Round "5"]
[White "Rossen, Claus"]
[Black "Holm, Filip"]
[Result "1-0"]
[WhiteElo "2099"]
[BlackElo "2210"]
[PlyCount "61"]
[EventDate "2020.10.09"]
[EventType "swiss"]
[EventRounds "9"]
[EventCountry "DEN"]
[SourceTitle "CBM 198 Extra"]
[Source "ChessBase"]
[SourceDate "2020.11.30"]
[SourceVersion "1"]
[SourceVersionDate "2020.11.30"]
[SourceQuality "1"]

1. e4 g6 2. d4 Bg7 3. Nc3 d6 4. Bg5 Nd7 5. Nf3 Ngf6 6. e5 dxe5 7. dxe5 Ng4 8. e6 fxe6 9. Bc4 Bxc3+ 10. bxc3 Kf7 11. Bxe6+ Kxe6 12. Nd4+ Kf7 13. Qxg4 Nf6 14. Qh4 Qd5 15. 0-0 c5 16. Nf3 h6 17. Rfe1 Bf5 18. Rxe7+ Kxe7 19. Bxf6+ Kf7 20. Ne5+ Ke6 21. Bxh8 Rxh8 22. Re1 g5 23. Qh5 Kf6 24. c4 Qg8 25. Qf3 Qc8 26. g4 Re8 27. Nd3 Rxe1+ 28. Nxe1 Kg7 29. Qxf5 Qe8 30. Nd3 Qe2 31. Qe5+ 1-0

[Event "DEN-ch sf"]
[Site "Svendborg"]
[Date "2020.10.14"]
[Round "3"]
[White "Kistrup, Nicolai"]
[Black "Rossen, Claus"]
[Result "1/2-1/2"]
[WhiteElo "2128"]
[BlackElo "2099"]
[PlyCount "84"]
[EventDate "2020.10.09"]
[EventType "swiss"]
[EventRounds "9"]
[EventCountry "DEN"]
[SourceTitle "CBM 198 Extra"]
[Source "ChessBase"]
[SourceDate "2020.11.30"]
[SourceVersion "1"]
[SourceVersionDate "2020.11.30"]
[SourceQuality "1"]

1. d4 g6 2. c4 Bg7 3. Nc3 d6 4. e4 Nc6 5. Be3 e5 6. Nge2 f5 7. dxe5 dxe5 8. exf5 gxf5 9. Qxd8+ Nxd8 10. f4 Ne6 11. fxe5 Bxe5 12. g3 Nf6 13. Bg2 c6 14. Rf1 Ng4 15. Bg1 Ng5 16. h3 Nf6 17. Bd4 Bxd4 18. Nxd4 0-0 19. 0-0-0 Nfe4 20. Nxe4 Nxe4 21. Bxe4 fxe4 22. Rxf8+ Kxf8 23. g4 Bd7 24. Kd2 c5 25. Nf5 Bxf5 26. Rf1 Rd8+ 27. Ke2 Rd3 28. Rxf5+ Kg7 29. Rxc5 Rxh3 30. Rc7+ Kf6 31. Rxb7 Ke5 32. Rxa7 Kd4 33. Rd7+ Kxc4 34. a4 h5 35. gxh5 Rxh5 36. Ke3 Kb3 37. Rb7+ Kxa4 38. Kxe4 Rb5 39. Rd7 Rxb2 40. Ra7+ Kb3 41. Rb7+ Kc3 42. Rxb2 Kxb2 1/2-1/2

[Event "Aarhus op"]
[Site "Aarhus"]
[Date "2020.02.15"]
[Round "5"]
[White "Holm, Filip"]
[Black "Rossen, Claus"]
[Result "1-0"]
[WhiteElo "1956"]
[BlackElo "2108"]
[PlyCount "55"]
[EventDate "2020.02.14"]
[EventType "swiss"]
[EventRounds "7"]
[EventCountry "DEN"]
[SourceTitle "CBM 195 Extra"]
[Source "ChessBase"]
[SourceDate "2020.05.31"]
[SourceVersion "1"]
[SourceVersionDate "2020.05.31"]
[SourceQuality "1"]

1. e4 d6 2. d4 Nf6 3. Bd3 g6 4. c4 Bg7 5. Nc3 0-0 6. Nge2 e5 7. d5 a5 8. Be3 Na6 9. f3 Nc5 10. 0-0 Nfd7 11. Bc2 f5 12. exf5 gxf5 13. f4 e4 14. Nd4 Nf6 15. h3 Qe8 16. Ncb5 Na6 17. Qd2 b6 18. a3 Bd7 19. b4 axb4 20. axb4 Nxd5 21. Nxd6 Qg6 22. N6xf5 Nxe3 23. Ne7+ Kf7 24. Nxg6 Nxf1 25. Rxf1 hxg6 26. Bxe4 Nxb4 27. Bxa8 Rxa8 28. Nf3 1-0

[Event "Helsingor Xtracon op"]
[Site "Helsingor"]
[Date "2019.07.25"]
[Round "7"]
[White "Jepsen, Thomas Tange"]
[Black "Rossen, Claus"]
[Result "1-0"]
[WhiteElo "2069"]
[BlackElo "2217"]
[PlyCount "69"]
[EventDate "2019.07.20"]
[EventType "swiss"]
[EventRounds "10"]
[EventCountry "DEN"]
[SourceTitle "CBM 191 Extra"]
[Source "ChessBase"]
[SourceDate "2019.09.30"]
[SourceVersion "1"]
[SourceVersionDate "2019.09.30"]
[SourceQuality "1"]

1. d4 Nf6 2. c4 g6 3. f3 d5 4. cxd5 Nxd5 5. e4 Nb6 6. Nc3 Bg7 7. Be3 0-0 8. Qd2 Nc6 9. 0-0-0 f5 10. h4 fxe4 11. fxe4 Rxf1 12. Rxf1 Nc4 13. Qd3 Nxe3 14. Qxe3 Nxd4 15. h5 Qd6 16. hxg6 Qxg6 17. Nf3 c5 18. Nd5 Nc6 19. Nh4 Qh6 20. Qxh6 Bxh6+ 21. Kb1 Bg7 22. Nf5 Bxf5 23. Rxf5 e6 24. Nf6+ Kf7 25. Rf2 Kg6 26. Nh5 Be5 27. Nf4+ Bxf4 28. Rxf4 Ne5 29. Rfh4 Rd8 30. Rh6+ Kg5 31. Rxe6 Nc4 32. b3 Nd2+ 33. Kc2 c4 34. Re5+ Kf4 35. Rd5 1-0

[Event "Helsingor Xtracon op"]
[Site "Helsingor"]
[Date "2018.07.28"]
[Round "9"]
[White "Rossen, Claus"]
[Black "Glibstrup, Jakob"]
[Result "1/2-1/2"]
[WhiteElo "2168"]
[BlackElo "1920"]
[PlyCount "94"]
[EventDate "2018.07.21"]
[EventType "swiss"]
[EventRounds "10"]
[EventCountry "DEN"]
[SourceTitle "CBM 185 Extra"]
[Source "ChessBase"]
[SourceDate "2018.07.29"]
[SourceVersion "1"]
[SourceVersionDate "2018.07.29"]
[SourceQuality "1"]

1. d4 Nf6 2. c4 g6 3. Nc3 Bg7 4. e4 d6 5. Nf3 0-0 6. Be2 e5 7. 0-0 Nc6 8. d5 Ne7 9. b4 Nd7 10. Be3 f5 11. Ng5 Nf6 12. f3 f4 13. Bf2 Ne8 14. c5 Rf6 15. cxd6 cxd6 16. Rc1 Kh8 17. Qb3 Nc7 18. Nb5 Nxb5 19. Bxb5 a6 20. Be2 h6 21. Ne6 Bxe6 22. dxe6 Nc6 23. b5 axb5 24. Bxb5 Qe8 25. Qd5 Qxe6 26. Bxc6 bxc6 27. Qxe6 Rxe6 28. Rxc6 Rxa2 29. Rb1 Ra8 30. Rc7 Bf8 31. Rd7 Ree8 32. Kf1 Red8 33. Rbb7 Ra1+ 34. Ke2 Rc8 35. Rdc7 Ra2+ 36. Kf1 Rca8 37. Ba7 Rd8 38. Bb6 Re8 39. Ba7 Kg8 40. Bf2 Ra5 41. Be1 Rc5 42. Rxc5 dxc5 43. Rc7 Rb8 44. Bc3 Bd6 45. Rc6 Rd8 46. Ba5 Rd7 47. Bb6 Kf7 1/2-1/2

[Event "Helsingor Xtracon op"]
[Site "Helsingor"]
[Date "2018.07.27"]
[Round "8"]
[White "Schrodt, Sebastian"]
[Black "Rossen, Claus"]
[Result "1/2-1/2"]
[WhiteElo "1955"]
[BlackElo "2168"]
[PlyCount "91"]
[EventDate "2018.07.21"]
[EventType "swiss"]
[EventRounds "10"]
[EventCountry "DEN"]
[SourceTitle "CBM 185 Extra"]
[Source "ChessBase"]
[SourceDate "2018.07.29"]
[SourceVersion "1"]
[SourceVersionDate "2018.07.29"]
[SourceQuality "1"]

1. Nf3 Nf6 2. c4 g6 3. b4 Bg7 4. Bb2 0-0 5. g3 d5 6. cxd5 Nxd5 7. Bxg7 Kxg7 8. Qb3 Qd6 9. a3 a5 10. e4 Nb6 11. bxa5 N6d7 12. Nc3 Ne5 13. Nb5 Qf6 14. Nxe5 Qxe5 15. Qc3 Qxc3 16. Nxc3 Nc6 17. a6 Nd4 18. axb7 Bxb7 19. Ra2 Rxa3 20. Rxa3 Nc2+ 21. Kd1 Nxa3 22. Bd3 f5 23. Re1 Rd8 24. Ke2 fxe4 25. Bxe4 Bxe4 26. Nxe4 Nc4 27. d3 Nd6 28. Rc1 Nxe4 29. dxe4 Rc8 30. Rc6 Kf7 31. f4 Ke8 32. f5 Kd7 33. Ra6 gxf5 34. exf5 Rf8 35. Rh6 Rxf5 36. Rxh7 c5 37. h4 c4 38. Kd2 Rf2+ 39. Kc1 Ke6 40. g4 Kf6 41. g5+ Kg6 42. Rxe7 Rh2 43. Re6+ Kg7 44. Rh6 c3 45. Rc6 Rxh4 46. Rxc3 1/2-1/2

[Event "DEN-ch cand"]
[Site "Svendborg"]
[Date "2018.04.02"]
[Round "7"]
[White "Rossen, Claus"]
[Black "Nilssen, Ellen Fredericia"]
[Result "1/2-1/2"]
[WhiteElo "2200"]
[BlackElo "2007"]
[PlyCount "93"]
[EventDate "2018.03.27"]
[EventType "swiss"]
[EventRounds "7"]
[EventCountry "DEN"]
[SourceTitle "EXT 2019"]
[Source "ChessBase"]
[SourceDate "2018.10.10"]
[SourceVersion "1"]
[SourceVersionDate "2018.10.10"]
[SourceQuality "1"]

1. d4 e6 2. c4 d5 3. g3 Be7 4. Bg2 Nf6 5. Nf3 0-0 6. Nbd2 b6 7. 0-0 Bb7 8. Qc2 Nbd7 9. Ne5 c5 10. cxd5 Nxd5 11. Nxd7 Qxd7 12. dxc5 Nb4 13. Qb3 Bxg2 14. Kxg2 Qc6+ 15. Qf3 Qxf3+ 16. Nxf3 Bxc5 17. a3 Nc2 18. Ra2 Nd4 19. b4 Nxf3 20. bxc5 Ne5 21. Bf4 Nc4 22. Rc1 b5 23. a4 a6 24. axb5 axb5 25. Rxa8 Rxa8 26. Bc7 Rc8 27. Bb6 Rc6 28. Ba7 Rc7 29. Bb6 Rc6 30. Rd1 g6 31. Ba7 Rc7 32. Ra1 Kg7 33. f3 b4 34. Rc1 Rxa7 35. Rxc4 b3 36. Rb4 Rc7 37. Rxb3 Rxc5 38. f4 h5 39. h3 Ra5 40. g4 hxg4 41. hxg4 g5 42. e3 f5 43. Kf3 fxg4+ 44. Kxg4 gxf4 45. exf4 Kf6 46. Rb8 Rc5 47. Rf8+ 1/2-1/2

[Event "Horsens Lang Weekend"]
[Site "Horsens"]
[Date "2017.07.14"]
[Round "3"]
[White "Rewitz, Poul"]
[Black "Rossen, Claus"]
[Result "1-0"]
[WhiteElo "2294"]
[BlackElo "2133"]
[PlyCount "80"]
[EventDate "2017.07.13"]
[EventType "swiss"]
[EventRounds "7"]
[EventCountry "DEN"]
[SourceTitle "EXT 2018"]
[Source "ChessBase"]
[SourceDate "2017.10.13"]
[SourceVersion "1"]
[SourceVersionDate "2017.10.13"]
[SourceQuality "1"]

1. d4 Nf6 2. Bg5 e6 3. e4 h6 4. Bxf6 Qxf6 5. c3 e5 6. dxe5 Qxe5 7. Nd2 Nc6 8. Ngf3 Qf6 9. Bd3 d6 10. 0-0 Be7 11. Nc4 Bg4 12. Be2 Ne5 13. Nfxe5 Bxe2 14. Qxe2 dxe5 15. Rad1 Rd8 16. Rxd8+ Bxd8 17. Qh5 0-0 18. Qxe5 Qxe5 19. Nxe5 Re8 20. Rd1 Bf6 21. Ng4 Rxe4 22. Nxf6+ gxf6 23. Kf1 Ra4 24. a3 Ra6 25. Ke2 Rb6 26. Rd2 Kf8 27. c4 Ke7 28. b4 a5 29. bxa5 Rb3 30. Rd3 Rb2+ 31. Kf3 Rc2 32. Rd4 Rc3+ 33. Kg4 Rxa3 34. Kh5 Rxa5+ 35. Kxh6 Rg5 36. g3 Rg6+ 37. Kh7 c5 38. Rd3 Rg4 39. f4 b6 40. Rd5 Rg6 1-0

[Event "Aarhus Chess House Summer op"]
[Site "Aarhus"]
[Date "2017.06.27"]
[Round "3"]
[White "Hellemann, Bjarke"]
[Black "Rossen, Claus"]
[Result "0-1"]
[WhiteElo "1521"]
[BlackElo "2174"]
[PlyCount "56"]
[EventDate "2017.06.25"]
[EventType "swiss"]
[EventRounds "7"]
[EventCountry "DEN"]
[SourceTitle "EXT 2018"]
[Source "ChessBase"]
[SourceDate "2017.10.13"]
[SourceVersion "1"]
[SourceVersionDate "2017.10.13"]
[SourceQuality "1"]

1. e4 d6 2. d4 Nf6 3. Nc3 g6 4. Nf3 Bg7 5. Be3 Bg4 6. Be2 0-0 7. 0-0 Nc6 8. Qd2 e5 9. d5 Ne7 10. Bh6 Nh5 11. Bxg7 Kxg7 12. Ne1 Bxe2 13. Nxe2 Qd7 14. c4 f5 15. f3 f4 16. Nd3 g5 17. c5 g4 18. cxd6 cxd6 19. Nf2 gxf3 20. gxf3 Ng6 21. Kh1 Rac8 22. Rg1 Qc7 23. Rac1 Qb6 24. Nc3 Qe3 25. Qe2 Rxc3 26. Qxe3 Rxe3 27. Ng4 Rxf3 28. Rc7+ Rf7 0-1